| 000 | 00433cam7a220018100 4500 | ||
|---|---|---|---|
| 001 | tmp15763121 | ||
| 003 | UPRA | ||
| 005 | 20190812093613.0 | ||
| 008 | 951023s1989 xx eng u | ||
| 035 | _a(Sirsi) tmp15763121 | ||
| 035 | _a(UPRA)tmp15763121 | ||
| 040 | _cUPRA | ||
| 050 | 0 |
_aLC3965 _bStr 1989 |
|
| 245 | 0 | 0 | _aStrategies for teaching teachers with special needs. |
| 250 | _a4th ed. | ||
| 260 | _c1989. | ||
| 004 | 44336 | ||
| 999 |
_c6980 _d6980 |
||